| 000 | 00777cam a22002657a 4500 | ||
|---|---|---|---|
| 001 | 001009 | ||
| 003 | armpunfd | ||
| 005 | 20140612090627.0 | ||
| 008 | 011114s1995#xx#a##########000#0##nd#d | ||
| 020 | _a9503300975 | ||
| 040 |
_aarmpunfd _carmpunfd |
||
| 080 | _a342 SA 19 | ||
| 100 | 1 | 0 | _a Sahad, Ricardo J. |
| 245 | 1 | 0 | _aEnsayos constitucionales y politicos |
| 260 |
_a Cordoba : _b Universidad Nacional De Cordoba, _c1995. |
||
| 300 | _a590 p. | ||
| 650 | 7 |
_a Bancas Parlamentarias _2LEMB |
|
| 650 | 7 |
_a Derecho A La Informacion _2LEMB |
|
| 650 | 7 |
_a Derecho A La Intimidad _2LEMB |
|
| 650 | 7 |
_a Libertad De Prensa _2LEMB |
|
| 650 | 7 |
_a Partidos Politicos _2LEMB |
|
| 650 | 7 |
_a Poder Judicial _2LEMB |
|
| 942 |
_cLB _2cdu |
||
| 945 |
_aCatalis _d2010-08-19 |
||
| 999 |
_c1000 _d231504 |
||